| 000 | 00000nam##2200000za#4500 |
| 001 | 9.558791 |
| 003 | CaOODSP |
| 005 | 20210624172548 |
| 007 | cr ||||||||||| |
| 008 | 150406|2004||||xxc|||||o f|0| 0 eng|d |
| 020 | |a0-662-36111-3 |
| 040 | |aCaOODSP|beng |
| 043 | |an-cn--- |
| 086 | 1 |aEn1-34/8-2004E-PDF |
| 110 | 1 |aCanada.|bEnvironment Canada. |bNational Guidelines and Standards Office. |
| 245 | 10|aCanadian guidance framework for the management of phosphorus in freshwater systems : |h[electronic resource]|bscientific supporting document / |cPrepared and published by National Guidelines and Standards Office, Water Policy and Coordination Directorate. |
| 260 | |aOttawa - Ontario : |bEnvironment Canada. |c2004. |
| 300 | |a[133]p.|bglossary, graphs, references, tables |
| 490 | 1 |aEcosystem health, science-based solutions|v1-8 |
| 520 | 3 |aThis series is dedicated to the dissemination of scientific knowledge, information and tools for monitoring, assessing, and reporting on ecosystem health to support Canadians in making sound decisions. |
| 546 | |a(Résumé en français.) |
| 590 | |a04-12|b2004-03-19 |
| 690 | 07|aFresh water|2gcpds |
| 775 | 08|tCadre d'orientation canadien pour la gestion du phosphore dans les écosystèmes d'eau douce / |w(CaOODSP)9.599572 |
| 776 | 0#|tCanadian guidance framework for the management of phosphorus in freshwater systems : |w(CaOODSP)9.616716 |
| 830 | #0|aEcosystem health, science-based solutions ;|v1-8|w(CaOODSP)9.504504 |
| 856 | 40|ahttp://publications.gc.ca|qPDF|s980 KB|uhttps://publications.gc.ca/collections/Collection/En1-34-8-2004E.pdf|y1-8 |